000 00628nam a2200205 u 4500
005 20240213064451.0
008 170913s2007 ea r 000 0 spa d
020 _a1404266968
035 _aUPN01000220489
049 _aI
050 4 _aPZ8.9
_bT4.6
100 1 _aThomas, Mary Ann
_940184
245 1 0 _aNuevos vecinos /
_cMary Ann Thomas ; tr. María Cristina Brusca.
260 _aNew York :
_bRosen Classroom Books & Materials,
_c2007.
300 _a8 p. :
_bil. col.
440 0 _aLecturas del barrio
650 4 _aCuentos infantiles
_96744
650 4 _aCiencia ficción
_vCuentos y leyendas
_913121
905 _aInfantil
999 _c192588
_d192588